VFL Wolfsburg Kader 2024/25 - Statistiken

Allgemein
  • Dieses Quiz wurde 88 mal gespielt
  • Das Durchschnittsergebnis liegt bei 18 aus 27
Antwortstatistiken
Nationalität Spieler % Korrekt
Deutschland Maximilian Arnold
95%
Dänemark Jonas Wind
93%
Polen Kamil Grabara
89%
Algerien Mohamed Amoura
88%
Deutschland Marius Müller
82%
Österreich Patrick Wimmer
82%
Portugal Tiago Tomas
79%
Dänemark Joakim Maehle
78%
Slowakei Denis Vavro
77%
Schweden Mattias Svanberg
75%
Griechenland Konstantinos Koulierakis
74%
Ungarn/Deutschland Bence Dardai
71%
Polen Jakub Kaminski
71%
Deutschland/England Lukas Nmecha
70%
Deutschland Yannik Gerhardt
70%
Dänemark Andreas Skov Olsen
66%
Kroatien Lovro Majer
64%
Belgien Sebastian Bornauw
64%
Belgien/DR Kongo Aster Vranckx
63%
Deutschland Kilian Fischer
60%
Deutschland Kevin Behrens
51%
Dänemark Mads Roerslev
48%
Schweiz Cedric Zesiger
45%
Deutschland Ridle Baku
45%
Türkei/Deutschland Salih Özcan
44%
Deutschland Bennit Bröger
34%
Frankreich Maxence Lacroix
22%
Keine übereinstimmenden Quizze gefunden
Verteilung der Resultate
Anzahl Personen mit jedem Resultat
Perzentil nach korrekt beantworteten Fragen
Ihre Resultats-Entwicklung
Sie haben dieses Quiz noch nicht gespielt